01942nam a2200385 a 4500001001200000003000800012006001900020007001500039008004100054010001700095020003000112020002700142040002100169035002100190050002500211082001600236245015800252260005600410300002500466490004200491504005100533505042800584533015201012650003201164650002501196650004301221650002101264650001401285655002901299700001801328710001701346830005001363856012601413999001701539ebr10680907CaPaEBRm u cr cn|||||||||100708s2010 nyuad sb 001 0 eng d z 2010025802 z9781617289217 (softcover) z9781617610714 (e-book) aCaPaEBRcCaPaEBR a(OCoLC)69477260614aTJ1075b.T786 2010eb04a621.8/922200aTribomechanical modification of friction surface by running-in in lubricants with nano-sized diamondsh[electronic resource] /cP.A. Vityaz ... [et al.]. aHauppauge, N.Y. :bNova Science Publishers,cc2010. aviii, 120 p. :bill.1 aNanotechnology science and technology aIncludes bibliographical references and index.0 aMethods of tribomechanical treatment of surfaces -- Lubricants modified by nano-sized hard components -- Tribological properties of materials and coatings lubricated by lubricants with nanodiamonds -- Formation of wear-resistant surface structures at tribomechanical treatment in lubricant containing hard nano-sized components -- Fields of application of method of tribomechanical treatment in lubricant with nanodiamonds. aElectronic reproduction.bPalo Alto, Calif. :cebrary,d2013.nAvailable via World Wide Web.nAccess may be limited to ebrary affiliated libraries. 0aLubrication and lubricants. 0aSurface preparation. 0aNanodiamondsxIndustrial applications. 0aMechanical wear. 0aFriction. 7aElectronic books.2local1 aVityaz, P. A.2 aebrary, Inc. 0aNanotechnology science and technology series.40uhttp://site.ebrary.com/lib/rucke/Doc?id=10680907zAn electronic book accessible through the World Wide Web; click to view c60293d60293